¿Quién es Rich? (Record no. 67491)

MARC details
000 -LEADER
campo de control de longitud fija 00534nmm a2200193Ia 4500
008 - DATOS DE LONGITUD FIJA--INFORMACIÓN GENERAL
campo de control de longitud fija 251105s9999||||xx |||||||||||||||||und||
020 ## - NÚMERO INTERNACIONAL ESTÁNDAR DEL LIBRO
Número Internacional Estándar del Libro 9788490654958
041 ## - CÓDIGO DE IDIOMA
Código de lengua del texto/banda sonora o título independiente spa
100 ## - ENTRADA PRINCIPAL--NOMBRE DE PERSONA
Nombre de persona Klam, Matthew
245 #0 - MENCIÓN DEL TÍTULO
Título ¿Quién es Rich?
264 ## - PRODUCCIÓN, PUBLICACIÓN, DISTRIBUCIÓN, FABRICACIÓN Y COPYRIGHT
Producción, publicación, distribución, fabricación y copyright [Madrid, España] :
Nombre del de productor, editor, distribuidor, fabricante Alba Editorial,
Fecha de producción, publicación, distribución, fabricación o copyright 2018
300 ## - DESCRIPCIÓN FÍSICA
Extensión 392 páginas
490 ## - MENCIÓN DE SERIE
Mención de serie Alba Contemporánea
650 ## - PUNTO DE ACCESO ADICIONAL DE MATERIA--TÉRMINO DE MATERIA
Término de materia o nombre geográfico como elemento de entrada North American narrative
700 ## - ENTRADA AGREGADA--NOMBRE PERSONAL
Nombre de persona Klam, Matthew
700 1# - ENTRADA AGREGADA--NOMBRE PERSONAL
Nombre de persona Cuéllar, Jesús
856 ## - LOCALIZACIÓN Y ACCESO ELECTRÓNICOS
Identificador Uniforme de Recursos <a href="https://public.digitaliapublishing.com/a/80235">https://public.digitaliapublishing.com/a/80235</a>
942 ## - ELEMENTOS DE ENTRADA SECUNDARIOS (KOHA)
Tipo de ítem Koha Libro Digital

No items available.

Powered by Koha